01593cam a22003374i 4500003000900000005001700009008004100026035001900067040003300086082001800119100002500137245005100162264004100213300003800254336002100292337002500313338002300338505077000361526001001131526001001141526001001151526001001161526000801171526000801179526000801187526000801195526000801203526000801211526000801219630002801227PE-LiUPU20250731173203.0150625s1959 ck r 000 0 spa d a(Sirsi) a30507 aPE-LiUPUbspacPE-LiUPUerda04a220bCH242211 aChasles, M.,eautor.10aQué es la Biblia? Por Qué Debemos Leerla?. 1aBogota :bEdiciones Paulinas,c1959. a137 páginas ;c17 centímetros atext2rdacontent aunmediated2rdamedia avolume2rdacarrier0 aNociones generales sobre la biblia -- Que es la biblia -- Que poder hallamos en la Biblia -- Dios habla en la biblia -- La biblia, su nombre, su unidad -- Cuando se escribio la Biblia -- Como se divide la Biblia -- Las versiones de la Biblia -- Los catolicos y la Biblia I -- Los catolicos y la Biblia II -- Como leer la biblia -- Recursos auxiliares para lectura de Biblia -- Como comportarse ante ciertos textos biblicos -- Conviene aconsejar a los niños la lectura de la Biblia -- En que orden deben leerse los libros que componen la Biblia -- El don de Dios en la Biblia -- Con que espiritu debe abordarse la lectura de la Biblia -- La biblia fuente de vida interior -- Jesucristo en la Biblia -- El rollo del libro -- Jesucristo en la biblia -- El hilo rojo. aSEG42 aSEG41 aSEG40 aSEG39 aP94 aP87 aP86 aP85 aP77 aP76 aP35 aBibliaxIntroducciones.